All FNaF 4 Characters - Statistics

General Stats
  • This quiz has been taken 132 times
  • The average score is 13 of 16
Answer Stats
Answer % Correct
Nightmare
99%
Nightmare Bonnie
98%
Nightmare Chica
98%
Nightmare Foxy
98%
Nightmare Freddy
98%
Nightmare Fredbear
90%
Nightmare Mangle
90%
Plushtrap
90%
Jack-O-Bonnie
89%
Jack-O-Chica
89%
Nightmare BB
83%
Nightmarionne
80%
Nightmare Cupcake
67%
Fredbear
64%
Springbonnie
45%
Jack-O-Lantern
40%
No matching quizzes found
Score Distribution
Percent of People with Each Score
Percentile by Number Answered
Your Score History
You have not taken this quiz